Statystyki dla Zwierzęta na literę J

Kliknij tutaj aby rozwiązać quiz!

Ogólne statystyki

  • Ten quiz został rozwiązany 304 razy
  • Średni wynik to 7 z 12

Statystyki odpowiedzi

Zwierzę% Poprawnych
jeleń
86%
jeż
81%
jaskółka
70%
jak
69%
jastrząb
64%
jaguar
62%
jaszczurka
60%
jeżozwierz
46%
jenot
41%
jesiotr
39%
jerzyk
26%
jedwabnik
9%

Rozkład punktacji

Percentyl według liczby udzielonych odpowiedzi

Procent ludzi z każdym wynikiem

Twoja historia wyników

Nie rozwiązałeś tego quizu